| 000 | 00824nam a22001937a 4500 | ||
|---|---|---|---|
| 003 | DO-SdBNP | ||
| 005 | 20210907095147.0 | ||
| 007 | ta | ||
| 008 | 210907b2018 dr ac || |||| 00| 0 sps d | ||
| 020 | _a9789945091717 | ||
| 040 |
_aDO-SdBNP _bspa _cBNPHU |
||
| 100 | 1 |
_aArbaje Ramírez, Seneo Milagro, _d1934- _979776 |
|
| 245 | 1 | 0 |
_aSeneo M. Arbaje Ramírez ; Seis y medio siquiatras : _bel calvario de un joven médico sufriendo de una horrorosa, cruel e increíblemente maligna enfermedad : DEPRESIÓN) / _cSeneo M. Arbaje Ramírez ; corrección de estilo y cuidado de edición : Manuel Mora Serrano. |
| 260 |
_a Santo Domingo : _bBúho, _c2018. |
||
| 300 |
_a154 p. : _bil.retrs. ; _c23 cm. |
||
| 500 | _aIncluye datos biográficos del autor en las solapas. | ||
| 590 | _aInventariado, 2021 /LP | ||
| 942 |
_2ddc _cLBS1 |
||
| 999 |
_c50433 _d50433 |
||